000
00296nam a22001337a 4500
020
_q
PB.
040
_c
FIZZA ISHAQ
082
_a
624.2
_b
LIU
100
_a
WENJI,LIU.
_9
91646
245
_a
BRIDGE CULTURE /
_c
LIU WENJI.
260
_a
SK KATARIA ;
_c
2016.
300
_a
366 P. ;
942
_2
ddc
_c
BK
999
_c
589781
_d
589781